[Event "Sportsko leto 2013"]
[Site "Paracin"]
[Date "2013.07.05"]
[Round "1.1"]
[White "Todic, Zoran"]
[Black "Mista, Aleksandar"]
[Result "0-1"]
[WhiteElo "2275"]
[BlackElo "2579"]
[PlyCount "94"]
[EventDate "2013.??.??"]

1. e4 c5 2. c3 d5 3. exd5 Qxd5 4. d4 Nc6 5. Nf3 Bf5 6. dxc5 Qxd1+ 7. Kxd1 e5 8.
b4 O-O-O+ 9. Ke1 e4 10. Nfd2 Nf6 11. Nc4 Nd5 12. Ne3 Be6 13. Nxd5 Bxd5 14. Bb5
Be7 15. Bxc6 Bxc6 16. a4 Bf6 17. Ke2 Bd5 18. Rd1 Be5 19. h3 f5 20. g3 e3 21.
Rxd5 Rxd5 22. Bxe3 Re8 23. Ra3 g5 24. c4 Rd7 25. Rd3 f4 26. Rxd7 Kxd7 27. gxf4
gxf4 28. Bd2 a5 29. Kf3 axb4 30. Bxb4 Kc6 31. Nd2 Rd8 32. Ke4 Bg7 33. Nb3 Rd1
34. f3 Rb1 35. Na5+ Kd7 36. Bd2 Bf6 37. Kd3 Bd8 38. c6+ bxc6 39. Kc2 Bxa5 40.
Bxa5 Rf1 41. h4 Rxf3 42. Be1 Ra3 43. a5 f3 44. Kd2 Rxa5 45. Ke3 Re5+ 46. Kf2
Re2+ 47. Kf1 Ke6 0-1

[Event "Sportsko leto 2013"]
[Site "Paracin"]
[Date "2013.07.05"]
[Round "1.2"]
[White "Atalik, Suat"]
[Black "Zajic, Milan"]
[Result "1-0"]
[WhiteElo "2568"]
[BlackElo "2272"]
[PlyCount "155"]
[EventDate "2013.??.??"]

1. d4 d5 2. c4 c6 3. Nf3 Nf6 4. cxd5 cxd5 5. Nc3 Nc6 6. Bf4 Bf5 7. Qb3 Na5 8.
Qa4+ Bd7 9. Qc2 Rc8 10. e3 e6 11. Bd3 Nc4 12. O-O Be7 13. Ne5 b5 14. Nxd7 Qxd7
15. Qe2 b4 16. Nb1 O-O 17. b3 Nd6 18. a3 bxa3 19. Rxa3 Nfe4 20. Qa2 Rc7 21. Ra6
g5 22. Bg3 Nxg3 23. hxg3 Rfc8 24. g4 Kg7 25. Ra5 Rh8 26. Qe2 Rb8 27. Nd2 Bf6
28. Rfa1 Rbb7 29. g3 Rc3 30. Kg2 Qc7 31. Ra6 Rc6 32. R6a4 Rc1 33. R1a2 Rc3 34.
e4 dxe4 35. Nxe4 Qc6 36. f3 Rcxb3 37. Nc5 R3b4 38. Nxb7 Rxa4 39. Rxa4 Qxb7 40.
Ra6 Qc7 41. d5 exd5 42. Qa2 Nc4 43. Bxc4 dxc4 44. Rxa7 Qc6 45. Ra4 c3 46. Ra7
Qe8 47. Qc4 Qf8 48. Kf1 Qe8 49. Qd5 Qf8 50. Ke2 Qe8+ 51. Kd3 h6 52. f4 Qf8 53.
Rc7 Qe8 54. Qd7 Qxd7+ 55. Rxd7 gxf4 56. gxf4 Kg6 57. Rd6 Kg7 58. Rc6 Kg6 59.
Ke4 Kg7 60. Kf5 Bd4 61. Rc4 c2 62. Rxc2 Kf8 63. Ke4 Ba1 64. Kf5 Kg7 65. g5 hxg5
66. Kxg5 Bd4 67. Rc6 Be3 68. Kf5 Bd4 69. Ke4 Bb2 70. Rc2 Ba1 71. Kf5 Bd4 72.
Rg2+ Kf8 73. Ke4 Bc3 74. Rc2 Ba1 75. Rc7 Bb2 76. Kd5 Ke8 77. Rb7 Bc1 78. f5 1-0

[Event "Sportsko leto 2013"]
[Site "Paracin"]
[Date "2013.07.05"]
[Round "1.3"]
[White "Sorgic, Dragan"]
[Black "Miladinovic, Igor"]
[Result "0-1"]
[WhiteElo "2265"]
[BlackElo "2558"]
[PlyCount "90"]
[EventDate "2013.??.??"]

1. e4 c5 2. Nf3 Nc6 3. d4 cxd4 4. Nxd4 Qc7 5. Nc3 e6 6. Be3 a6 7. Qd2 Nf6 8.
O-O-O Bb4 9. f3 b5 10. Nxc6 Qxc6 11. Bd4 Be7 12. e5 Nd5 13. Ne4 Bb7 14. Kb1 a5
15. Rc1 Ba6 16. Be2 b4 17. Bxa6 Qxa6 18. Rhd1 Qb7 19. c4 bxc3 20. Nxc3 Bb4 21.
Qf2 Bxc3 22. Bxc3 O-O 23. Qd4 Rfc8 24. Bd2 Qb5 25. Rxc8+ Rxc8 26. Rc1 Rxc1+ 27.
Bxc1 h5 28. Qd2 a4 29. Qc2 Ne7 30. a3 Nc6 31. Bf4 Nd4 32. Qd1 Nb3 33. g3 Na5
34. Bc1 Nb3 35. Bf4 f6 36. exf6 gxf6 37. Bd6 e5 38. Be7 Kg7 39. Bb4 d5 40. g4
h4 41. f4 Qc4 42. fxe5 fxe5 43. Be7 h3 44. g5 e4 45. Bb4 Kg6 0-1

[Event "Sportsko leto 2013"]
[Site "Paracin"]
[Date "2013.07.05"]
[Round "1.5"]
[White "Spiric Igor, Igor"]
[Black "Oiszewski, Michal"]
[Result "0-1"]
[WhiteElo "2255"]
[BlackElo "2551"]
[PlyCount "54"]
[EventDate "2013.??.??"]

1. d4 Nf6 2. c4 e6 3. Nc3 Bb4 4. f3 c5 5. d5 O-O 6. e4 Re8 7. Nge2 exd5 8. cxd5
d6 9. Ng3 Nbd7 10. Be2 a6 11. O-O Nf8 12. a3 Ba5 13. Rb1 b5 14. b4 cxb4 15.
axb4 Bb6+ 16. Kh1 h5 17. Bg5 N8h7 18. f4 Nxg5 19. fxg5 Nh7 20. Bxh5 Nxg5 21.
Bg4 g6 22. Bxc8 Rxc8 23. Rc1 Rc4 24. Qg4 Be3 25. Rc2 Qc8 26. Nf5 gxf5 27. Rxf5
Re5 0-1

[Event "Sportsko leto 2013"]
[Site "Paracin"]
[Date "2013.07.05"]
[Round "1.6"]
[White "Damljanovic, Branko"]
[Black "Budimir, Boris"]
[Result "1-0"]
[WhiteElo "2544"]
[BlackElo "2253"]
[PlyCount "45"]
[EventDate "2013.??.??"]

1. c4 c5 2. Nf3 Nc6 3. Nc3 Nd4 4. e3 Nxf3+ 5. Qxf3 e6 6. g3 Nf6 7. Bg2 Be7 8.
O-O O-O 9. Rd1 a6 10. d4 cxd4 11. exd4 Rb8 12. Bf4 d6 13. Rac1 Qa5 14. Qe2 g5
15. b4 Qf5 16. Be3 Bd7 17. d5 e5 18. Ba7 Rbc8 19. Ne4 Nxe4 20. Bxe4 Qh3 21. c5
Ba4 22. Re1 Qd7 23. g4 1-0

[Event "Sportsko leto 2013"]
[Site "Paracin"]
[Date "2013.07.05"]
[Round "1.7"]
[White "Vucinic, Gojko"]
[Black "Savic, Miodrag R"]
[Result "0-1"]
[WhiteElo "2252"]
[BlackElo "2529"]
[PlyCount "114"]
[EventDate "2013.??.??"]

1. e4 d5 2. exd5 Qxd5 3. Nc3 Qa5 4. d4 c6 5. Bd2 Bf5 6. Nf3 e6 7. Bc4 Nd7 8.
Qe2 Bb4 9. a3 Ngf6 10. O-O-O Bxc3 11. Bxc3 Qc7 12. Ne5 Nd5 13. Bd2 Nxe5 14.
dxe5 O-O-O 15. g4 Bg6 16. f4 h5 17. h3 Qb6 18. f5 exf5 19. Bd3 hxg4 20. hxg4
Rxh1 21. Rxh1 f4 22. Bxg6 fxg6 23. Qe4 Qf2 24. Qxg6 f3 25. Qf5+ Kb8 26. e6 g6
27. e7 Nxe7 28. Qe5+ Ka8 29. Qd6 Qg1+ 30. Rxg1 Rxd6 31. Rf1 Nd5 32. Rxf3 Rf6
33. Rxf6 Nxf6 34. g5 Nh5 35. Kd1 Kb8 36. Ke2 Kc7 37. Kf3 Ng7 38. Ke4 Kd6 39.
Bf4+ Ke6 40. c4 Nf5 41. a4 Ne7 42. b4 a6 43. Kd4 b6 44. a5 c5+ 45. bxc5 Nc6+
46. Ke4 bxc5 47. Bd2 Ne5 48. Be3 Nxc4 49. Bxc5 Nxa5 50. Bb4 Nc6 51. Bc3 Kd6 52.
Bb2 Kc5 53. Bc3 Kc4 54. Be1 Nb4 55. Ke5 Nd3+ 56. Kf6 Nxe1 57. Kxg6 Nf3 0-1

[Event "Sportsko leto 2013"]
[Site "Paracin"]
[Date "2013.07.05"]
[Round "1.9"]
[White "Radovanovic, Nikola"]
[Black "Tadic, Branko"]
[Result "1-0"]
[WhiteElo "2249"]
[BlackElo "2505"]
[PlyCount "73"]
[EventDate "2013.??.??"]

1. e4 d6 2. d4 Nf6 3. Nc3 e5 4. Nf3 Nbd7 5. Bc4 Be7 6. O-O O-O 7. Re1 c6 8. a4
exd4 9. Nxd4 Ne5 10. Ba2 Re8 11. h3 Qa5 12. f4 Ng6 13. Qd3 Bd8 14. b4 Qxb4 15.
Ba3 Nxf4 16. Bxb4 Nxd3 17. cxd3 Bb6 18. Nce2 c5 19. a5 Bd8 20. Nb5 cxb4 21.
Nxd6 Re7 22. e5 Ne8 23. Nxf7 Be6 24. Bxe6 Rxe6 25. Nxd8 Rxd8 26. Nf4 Re7 27.
Re4 g5 28. Nh5 b3 29. d4 Nd6 30. exd6 Rxe4 31. Nf6+ Kf7 32. Nxe4 Ke6 33. Nc5+
Kd5 34. Nxb7 Rd7 35. a6 Kxd4 36. Rb1 Kc4 37. Rxb3 1-0

[Event "Sportsko leto 2013"]
[Site "Paracin"]
[Date "2013.07.05"]
[Round "1.10"]
[White "Kosic, Dragan"]
[Black "Jovanovic, Aleksandar D"]
[Result "1-0"]
[WhiteElo "2490"]
[BlackElo "2229"]
[PlyCount "81"]
[EventDate "2013.??.??"]

1. d4 f5 2. g3 g6 3. Bg2 Bg7 4. Nf3 Nf6 5. b3 O-O 6. O-O d6 7. Bb2 Ne4 8. c4
Nc6 9. Nc3 Nxc3 10. Bxc3 Qe8 11. e4 fxe4 12. Ng5 e5 13. d5 Ne7 14. Nxe4 Nf5 15.
Qd3 Bd7 16. Rae1 Qe7 17. f4 Rae8 18. Nd2 Qd8 19. fxe5 Bxe5 20. Bxe5 dxe5 21.
Qc3 Qe7 22. b4 Nd4 23. Rxf8+ Qxf8 24. h3 Qh6 25. Ne4 Rf8 26. Qe3 Qh5 27. g4 Qh4
28. Rf1 Rxf1+ 29. Bxf1 b6 30. c5 Kg7 31. c6 Be8 32. b5 Qe7 33. d6 cxd6 34. Qa3
Qf8 35. Nxd6 Bf7 36. c7 Be6 37. c8=Q Bxc8 38. Qxa7+ Kh8 39. Qb8 Nf3+ 40. Kh1
Kg7 41. Qc7+ 1-0

[Event "Sportsko leto 2013"]
[Site "Paracin"]
[Date "2013.07.05"]
[Round "1.12"]
[White "Lajthajm, Brrko"]
[Black "Dimic, Pavle"]
[Result "1-0"]
[WhiteElo "2477"]
[BlackElo "2218"]
[PlyCount "87"]
[EventDate "2013.??.??"]

1. d4 Nf6 2. c4 g6 3. Nc3 Bg7 4. e4 d6 5. h3 O-O 6. Bg5 c5 7. d5 e6 8. Bd3 exd5
9. exd5 Re8+ 10. Nge2 Nbd7 11. f4 Qa5 12. O-O h6 13. Bh4 a6 14. Qc2 b5 15. cxb5
Nb6 16. Bxf6 Bxf6 17. Bxg6 axb5 18. Rf3 Bg7 19. Rg3 Ra7 20. Bh5 Rae7 21. f5 Nd7
22. Nf4 Nf6 23. Bf3 Kh8 24. Rf1 b4 25. Nce2 Ba6 26. b3 Bb5 27. Rf2 Qa3 28. Kh2
Re3 29. Qd2 R3e7 30. Rxg7 Kxg7 31. Ng3 Rh8 32. Ngh5+ Nxh5 33. Nxh5+ Kf8 34. Qf4
Re5 35. Qh4 Qa6 36. Qf6 Rh7 37. Nf4 Kg8 38. Be2 Re8 39. Bxb5 Qxb5 40. Rf3 Rg7
41. Qxh6 Re2 42. f6 Rexg2+ 43. Nxg2 Rg6 44. Rg3 1-0

[Event "Sportsko leto 2013"]
[Site "Paracin, hotel "]
[Date "2013.07.05"]
[Round "1.13"]
[White "Djordjevic, Gradimir"]
[Black "Kasparov, Sergey"]
[Result "0-1"]
[WhiteElo "2216"]
[BlackElo "2470"]
[PlyCount "116"]
[EventDate "2013.07.05"]

1. c4 c5 2. Nc3 b6 3. e4 Bb7 4. g3 Nc6 5. Bg2 g6 6. Nge2 Bg7 7. d3 Nf6 8. O-O
O-O 9. h3 Ne8 10. Be3 Nc7 11. Qd2 Ne6 12. f4 Ned4 13. Rf2 e6 14. Kh2 d6 15.
Raf1 f5 16. Bxd4 Nxd4 17. Nxd4 cxd4 18. Ne2 Qc7 19. b3 Rae8 20. g4 Kh8 21. Ng3
fxg4 22. hxg4 Qe7 23. g5 h6 24. Bh3 hxg5 25. fxg5 Rxf2+ 26. Rxf2 Be5 27. Kg2
Kg7 28. Bg4 Rh8 29. Rf3 Rf8 30. Rxf8 Kxf8 31. Qc1 Bc8 32. Ne2 Qh7 33. Qh1 Qxh1+
34. Kxh1 Bd7 35. Kg2 Ke7 36. Kf3 b5 37. Nc1 Bh2 38. Ne2 bxc4 39. bxc4 Be5 40.
Kf2 Kd8 41. Ke1 Kc7 42. Kd2 Kb6 43. Kc2 Kc5 44. Kb2 Bh2 45. Nc1 Bf4 46. Nb3+
Kb6 47. Kc2 Be3 48. Bh3 a5 49. a4 Bxg5 50. Nxd4 Bxa4+ 51. Kb1 e5 52. Nc2 Kc5
53. Kb2 Bd2 54. Bg4 g5 55. Na1 Kd4 56. Ka3 Bc6 57. Be2 Ke3 58. Bf1 g4 0-1

[Event "Sportsko leto 2013"]
[Site "Paracin, hotel "]
[Date "2013.07.05"]
[Round "1.14"]
[White "Kuzmicz, Krystian"]
[Black "Popovic, Milan S"]
[Result "1-0"]
[WhiteElo "2470"]
[BlackElo "2212"]
[PlyCount "69"]
[EventDate "2013.07.05"]

1. g3 g6 2. Bg2 Bg7 3. f4 c5 4. e4 Nc6 5. d3 e6 6. Nf3 Nge7 7. O-O O-O 8. c3 d5
9. Na3 Rb8 10. e5 b5 11. Nc2 b4 12. c4 a5 13. Be3 Qb6 14. Bf2 Rd8 15. Qe2 Ba6
16. b3 a4 17. Qe3 d4 18. Qe2 axb3 19. axb3 Bb7 20. Nd2 Ra8 21. g4 Rxa1 22. Rxa1
g5 23. fxg5 Nxe5 24. Ne4 N7g6 25. Bg3 Nd7 26. Rf1 e5 27. h4 Qc7 28. Nf6+ Nxf6
29. gxf6 Bxg2 30. Qxg2 Bf8 31. Qe4 Qd7 32. Rf5 Re8 33. Ne1 Re6 34. Nf3 Bd6 35.
h5 1-0

[Event "Sportsko leto 2013"]
[Site "Paracin, hotel "]
[Date "2013.07.05"]
[Round "1.15"]
[White "Zlatanovic, Zoran"]
[Black "Cioara, Andrei-Nestor"]
[Result "0-1"]
[WhiteElo "2210"]
[BlackElo "2465"]
[PlyCount "72"]
[EventDate "2013.07.05"]

1. e4 e6 2. d3 d5 3. Nd2 Nf6 4. Ngf3 c5 5. g3 Be7 6. Bg2 Nc6 7. O-O O-O 8. Re1
b5 9. c3 b4 10. e5 Nd7 11. c4 Nb6 12. Qe2 a5 13. h4 Ba6 14. b3 Ra7 15. Nf1 Rd7
16. Bf4 Bb7 17. N1h2 Qa8 18. Bh3 dxc4 19. dxc4 Nd4 20. Nxd4 Rxd4 21. Be3 Rd7
22. Qg4 Kh8 23. Bg5 Nc8 24. Rad1 Rfd8 25. Rxd7 Rxd7 26. Qf4 Kg8 27. Ng4 Rd4 28.
Qc1 Qa6 29. Bxe7 Nxe7 30. Qg5 Qc6 31. Kh2 Kf8 32. Rg1 h6 33. Qc1 Qf3 34. Qe1
Nf5 35. Bg2 Nxh4 36. gxh4 Qf4+ 0-1

[Event "Sportsko leto 2013"]
[Site "Paracin, hotel "]
[Date "2013.07.05"]
[Round "1.16"]
[White "Kadric, Denis"]
[Black "Hagesather, Ellen"]
[Result "1-0"]
[WhiteElo "2459"]
[BlackElo "2210"]
[PlyCount "127"]
[EventDate "2013.07.05"]

1. e4 e5 2. Nf3 Nc6 3. Bc4 Bc5 4. O-O Nf6 5. d3 d6 6. c3 O-O 7. h3 h6 8. Bb3 a6
9. Re1 Re8 10. Nbd2 Be6 11. Bc2 Ba7 12. Nf1 d5 13. exd5 Bxd5 14. Ng3 Qd7 15.
Nh4 Be6 16. Qf3 Qd5 17. Ne4 Nxe4 18. dxe4 Qd8 19. Nf5 Kh7 20. g4 Qf6 21. Kh2 g6
22. Bxh6 Bxf5 23. g5 Qd6 24. Rad1 Nd4 25. cxd4 exd4+ 26. Kg2 Be6 27. Qf6 Rg8
28. e5 Bd5+ 29. Be4 Qxf6 30. exf6 Bxa2 31. h4 Rae8 32. Bd3 Bd5+ 33. f3 Re3 34.
Rxe3 dxe3 35. h5 Rd8 36. Bg7 Kg8 37. Rh1 Bxf3+ 38. Kxf3 Rxd3 39. hxg6 fxg6 40.
Rh8+ Kf7 41. Rf8+ Ke6 42. Re8+ Kf7 43. Re7+ Kg8 44. Bh6 e2+ 45. Kxe2 Re3+ 46.
Rxe3 Bxe3 47. Kxe3 Kf7 48. Kd4 a5 49. Kc5 c6 50. Kb6 a4 51. Bg7 Kg8 52. Ka5 b5
53. Kb4 Kf7 54. Bh8 Kg8 55. f7+ Kxf7 56. Kc5 Ke6 57. Bc3 Kd7 58. Ba5 Ke6 59.
Kxc6 Kf5 60. Kxb5 a3 61. bxa3 Kxg5 62. Bc7 Kf5 63. a4 Ke6 64. Kc6 1-0

[Event "Sportsko leto 2013"]
[Site "Paracin, hotel "]
[Date "2013.07.05"]
[Round "1.17"]
[White "Jovanovic, Bojan P"]
[Black "Smith, Bryan G"]
[Result "0-1"]
[WhiteElo "2203"]
[BlackElo "2456"]
[PlyCount "92"]
[EventDate "2013.07.05"]

1. d4 Nf6 2. Nf3 g6 3. Bg5 Bg7 4. Nbd2 d5 5. c3 O-O 6. e3 c5 7. Bd3 Qb6 8. Rb1
Nc6 9. O-O Re8 10. b4 cxb4 11. cxb4 Bf5 12. Bxf5 gxf5 13. Qb3 e6 14. Rfc1 Rac8
15. a3 Ne4 16. Bf4 Qb5 17. Nxe4 fxe4 18. Rc5 Qe2 19. Rc2 Qd3 20. Qxd3 exd3 21.
Rd2 f6 22. Rxd3 e5 23. dxe5 fxe5 24. Bg5 e4 25. Rxd5 exf3 26. Rd7 Re6 27. Bh4
Rg6 28. Bg3 h5 29. h4 Be5 30. Rc1 Bxg3 31. fxg3 Rf8 32. gxf3 Rxf3 33. Rxb7
Rfxg3+ 34. Kf2 Rg2+ 35. Kf3 R2g4 36. Rc5 Rf6+ 37. Ke2 Rxh4 38. b5 Na5 39. Rxa7
Nc4 40. Rc8+ Rf8 41. Rxf8+ Kxf8 42. Ra4 Rh2+ 43. Kf3 Ne5+ 44. Kf4 Rh4+ 45. Kxe5
Rxa4 46. b6 Rxa3 0-1

[Event "Sportsko leto 2013"]
[Site "Paracin, hotel "]
[Date "2013.07.05"]
[Round "1.18"]
[White "Stojanovski, Dejan"]
[Black "Andersen, Alf R"]
[Result "1-0"]
[WhiteElo "2439"]
[BlackElo "2202"]
[PlyCount "107"]
[EventDate "2013.07.05"]

1. e4 c5 2. Ne2 d6 3. g3 Bg4 4. Bg2 Nc6 5. h3 Bd7 6. O-O Qc8 7. Kh2 h5 8. c3 h4
9. g4 g6 10. d4 Bg7 11. Be3 b6 12. g5 e6 13. Na3 Qa6 14. c4 Nxd4 15. Nxd4 cxd4
16. Bxd4 e5 17. Bc3 Rd8 18. Qxd6 Ba4 19. Nb5 Bxb5 20. cxb5 Qxb5 21. Qa3 a5 22.
Rfd1 Rxd1 23. Rxd1 Bf8 24. Qb3 Qxb3 25. axb3 Rh5 26. Bxe5 Rxg5 27. Bc7 Be7 28.
Rd3 Kf8 29. Bxb6 Rb5 30. Bd4 Bf6 31. Be3 Bxb2 32. f4 Kg7 33. Bf2 Bf6 34. Bf3
Be7 35. Kg2 Nf6 36. e5 Ng8 37. Bc6 Rb4 38. Kf3 Rb8 39. Be1 Bd8 40. Ke4 Ne7 41.
Bd7 Rb7 42. Bxh4 Rb4+ 43. Kf3 Nc6 44. Bf6+ Bxf6 45. exf6+ Kxf6 46. Bxc6 g5 47.
fxg5+ Kxg5 48. Ke3 f5 49. Kd2 Rb6 50. Bd7 f4 51. Kc3 Kh4 52. Bg4 Rc6+ 53. Kb2
Rg6 54. Ka3 1-0

[Event "Sportsko leto 2013"]
[Site "Paracin, hotel "]
[Date "2013.07.05"]
[Round "1.19"]
[White "Pantic, Ivica"]
[Black "Bogdanovski, Vlatko"]
[Result "0-1"]
[WhiteElo "2193"]
[BlackElo "2435"]
[PlyCount "128"]
[EventDate "2013.07.05"]

1. Nf3 Nf6 2. c4 b6 3. Nc3 Bb7 4. d4 e6 5. a3 d5 6. cxd5 Nxd5 7. Qc2 Be7 8. e4
Nxc3 9. bxc3 c5 10. Bd3 Nc6 11. Bb2 Rc8 12. Qe2 O-O 13. O-O cxd4 14. cxd4 Bf6
15. Rad1 Na5 16. d5 Bxb2 17. Qxb2 exd5 18. exd5 Rc5 19. Be4 Re8 20. Rd4 g6 21.
Rfd1 Nc4 22. Qc1 Rxe4 23. Rxe4 Nd6 24. Qg5 Qxg5 25. Nxg5 Nxe4 26. Nxe4 Rc8 27.
g4 h6 28. h4 Kf8 29. g5 hxg5 30. hxg5 Ke7 31. Kg2 Rd8 32. Nf6 Kd6 33. Kg3 Ke5
34. Re1+ Kd6 35. Kf4 Rh8 36. Rd1 Rh4+ 37. Ke3 Rc4 38. Ne4+ Kd7 39. Rd3 Rc5 40.
Nf6+ Kd6 41. Ne4+ Ke7 42. d6+ Kd8 43. Nd2 Rxg5 44. Rd4 Re5+ 45. Kf4 Rf5+ 46.
Kg3 Rd5 47. Nb3 Kd7 48. Rf4 Rd3+ 49. Kh4 Bd5 50. Nd4 Kxd6 51. Nb5+ Kc5 52. a4
a6 53. Nc7 Bc4 54. Kg5 Rd8 55. Re4 Rd7 56. Na8 Rd5+ 57. Kh6 b5 58. a5 Rh5+ 59.
Kg7 Bd5 60. Re8 Rf5 61. Nc7 Bb7 62. Rb8 Kc6 63. Ne8 b4 64. Rd8 Rd5 0-1

[Event "Sportsko leto 2013"]
[Site "Paracin, hotel "]
[Date "2013.07.05"]
[Round "1.20"]
[White "Strzemiecki, Zbigniew"]
[Black "Banovic, Ivan"]
[Result "1-0"]
[WhiteElo "2431"]
[BlackElo "2188"]
[PlyCount "67"]
[EventDate "2013.07.05"]

1. e4 c5 2. Nf3 d6 3. d4 cxd4 4. Nxd4 Nf6 5. f3 Nc6 6. c4 g6 7. Nc3 Bg7 8. Nc2
O-O 9. Be3 Be6 10. Be2 Qa5 11. Qd2 Rfc8 12. O-O Nd7 13. f4 Bxc3 14. bxc3 Nc5
15. Nd4 Nxe4 16. Qc2 Nxc3 17. Nxe6 Nxe2+ 18. Qxe2 fxe6 19. c5 Qc3 20. Rab1 Rab8
21. Rfc1 Qf6 22. Kh1 d5 23. Bd2 Rd8 24. Bc3 d4 25. Bd2 Qf5 26. Re1 Kf7 27. Qc4
Qd5 28. Qd3 Qxa2 29. Rb3 a5 30. f5 exf5 31. Bf4 e5 32. Qc4+ Kf6 33. Bxe5+ Ke7
34. Bxb8+ 1-0

[Event "Sportsko leto 2013"]
[Site "Paracin, hotel "]
[Date "2013.07.05"]
[Round "1.21"]
[White "Scekic, Veljko"]
[Black "Atalik, Ekaterina"]
[Result "0-1"]
[WhiteElo "2181"]
[BlackElo "2430"]
[PlyCount "84"]
[EventDate "2013.07.05"]

1. d4 Nf6 2. Nf3 g6 3. Nc3 d5 4. Bf4 Bg7 5. e3 O-O 6. h3 c5 7. Be2 Nc6 8. O-O
Ne4 9. Bb5 cxd4 10. exd4 Nxc3 11. bxc3 Na5 12. Re1 Bd7 13. Bd3 Rc8 14. Qd2 Nc4
15. Bxc4 Rxc4 16. Rab1 b6 17. Rb4 Rc8 18. Ne5 f6 19. Nxd7 Qxd7 20. Qd3 Rfe8 21.
c4 e5 22. dxe5 fxe5 23. Bg3 d4 24. Rb5 Qc6 25. Bxe5 Qxc4 26. f4 Qxa2 27. Re2
Qc4 28. Qxc4+ Rxc4 29. Rd5 Rc5 30. Rxd4 Bxe5 31. fxe5 Rexe5 32. Rxe5 Rxe5 33.
Rd7 a5 34. c4 a4 35. Kf2 a3 36. Rd2 Ra5 37. Ra2 Kf7 38. Ke3 Ke6 39. Kd4 Kd6 40.
g4 Ra4 41. Kc3 Kc5 42. Kb3 Ra7 0-1

[Event "Sportsko leto 2013"]
[Site "Paracin, hotel "]
[Date "2013.07.05"]
[Round "1.24"]
[White "Maksimovic, Branimir"]
[Black "Kuzmanovic, Slobodan"]
[Result "0-1"]
[WhiteElo "2423"]
[BlackElo "2146"]
[PlyCount "182"]
[EventDate "2013.07.05"]

1. d4 Nf6 2. c4 g6 3. Nc3 Bg7 4. e4 d6 5. Nf3 O-O 6. Be2 c5 7. d5 a6 8. a4 e6
9. O-O exd5 10. cxd5 Bg4 11. Nd2 Bxe2 12. Qxe2 Nbd7 13. Nc4 Nb6 14. Ne3 Re8 15.
a5 Nc8 16. f3 b5 17. axb6 Qxb6 18. Nc4 Qc7 19. Na5 Nb6 20. Qc2 Nfd7 21. Nd1 c4
22. Bd2 Ne5 23. Bc3 f5 24. exf5 gxf5 25. Qxf5 Qc5+ 26. Kh1 Nxd5 27. f4 Re7 28.
Qg5 Rf8 29. g3 Ref7 30. Qh5 Nxf4 31. gxf4 Qd5+ 32. Kg1 Rxf4 33. Rxf4 Rxf4 34.
Qe8+ Rf8 35. Ne3 Qe4 36. Qe6+ Kh8 37. Qd5 Qxe3+ 38. Kh1 Qe2 39. Rg1 Rf2 40.
Qa8+ Bf8 41. Rg2 Rf1+ 42. Rg1 Rxg1+ 43. Kxg1 Qe3+ 44. Kf1 Qf4+ 45. Kg2 Kg7 46.
Qd5 Kg6 47. Bxe5 Qxe5 48. Qxe5 dxe5 49. Nxc4 Kf5 50. Kf3 e4+ 51. Ke2 Bc5 52.
Nd2 Kg4 53. Nb3 Bg1 54. Nd2 Kf4 55. h3 Bd4 56. b3 h5 57. Nc4 Bc5 58. Nd2 h4 59.
Nc4 e3 60. Nb2 Ke4 61. Nd3 Bd6 62. Ne1 Bf4 63. Nc2 a5 64. Na3 Kd4 65. Nb5+ Kc5
66. Nc3 Kd4 67. Nb5+ Kc5 68. Nc3 Kd4 69. Nb5+ Ke4 70. Na3 Kd5 71. Nc4 Bc7 72.
Kd3 e2 73. Ne3+ Ke5 74. Kxe2 Ke4 75. Nc4 Kf4 76. Kf2 Ke4 77. Ke2 Bd8 78. Nd6+
Kf4 79. Nc4 Kg3 80. Ne3 Kxh3 81. Kf3 Be7 82. Nc4 Bb4 83. Kf2 Bc5+ 84. Kf1 Kg3
85. Nd2 h3 86. Ne4+ Kf3 87. Ng5+ Kg4 88. Ne4 Bd4 89. Nd2 Be3 90. Nc4 Kf3 91.
Ne5+ Kg3 0-1

[Event "Sportsko leto 2013"]
[Site "Paracin, hotel "]
[Date "2013.07.05"]
[Round "1.25"]
[White "Secheres, Adrian-Simion"]
[Black "Tosic, Miroslav"]
[Result "0-1"]
[WhiteElo "2143"]
[BlackElo "2421"]
[PlyCount "102"]
[EventDate "2013.07.05"]

1. d4 Nf6 2. c4 c6 3. Nc3 d6 4. e4 e5 5. d5 Na6 6. f3 Be7 7. Be3 O-O 8. Bd3 Nd7
9. Nge2 Bg5 10. Bf2 Ndc5 11. Bb1 Qb6 12. b3 cxd5 13. Nxd5 Qd8 14. O-O Bd7 15.
b4 Ne6 16. a4 Nb8 17. Ra3 Nc6 18. Rd3 Qb8 19. Qb3 Rc8 20. Rfd1 Be8 21. a5 Bd8
22. Ndc3 Be7 23. Nb5 Rd8 24. Ba2 b6 25. axb6 axb6 26. Nec3 Nf4 27. R3d2 Bf8 28.
Be3 d5 29. exd5 Nxb4 30. Bb1 Bc5 31. Bf2 Na6 32. Ne4 Bb4 33. Ra2 Bf8 34. Rb2 f5
35. Nec3 Nc5 36. Qc2 Bg6 37. Bh4 Rd7 38. Qd2 Na4 39. Nxa4 Rxa4 40. Ba2 Bc5+ 41.
Bf2 Qf8 42. Nc3 Ra3 43. Rb3 Bxf2+ 44. Qxf2 Rxb3 45. Bxb3 Qb4 46. Ba4 Rd6 47. c5
bxc5 48. Rb1 Qxc3 49. Rb8+ Kf7 50. Rb7+ Kf8 51. h3 Qd4 0-1

[Event "Sportsko leto 2013"]
[Site "Paracin, hotel "]
[Date "2013.07.05"]
[Round "1.27"]
[White "Djordjevic, Vuk"]
[Black "Zlatanovic, Boroljub"]
[Result "0-1"]
[WhiteElo "2138"]
[BlackElo "2416"]
[PlyCount "66"]
[EventDate "2013.07.05"]

1. e4 e6 2. d4 d5 3. Nc3 Bb4 4. e5 c5 5. a3 Bxc3+ 6. bxc3 Ne7 7. Qg4 Qc7 8.
Qxg7 Rg8 9. Qxh7 cxd4 10. Ne2 Nbc6 11. f4 dxc3 12. Qd3 d4 13. Nxd4 Nxd4 14.
Qxd4 Bd7 15. a4 Nf5 16. Qf2 Qc6 17. Rg1 Qe4+ 18. Qe2 Qb4 19. Qf2 Bxa4 20. Bd3
Nd4 21. Rf1 Bc6 22. Qh4 Nf5 23. Qh7 Rxg2 24. Bxf5 exf5 25. Qh8+ Kd7 26. Qh3
Qe4+ 27. Be3 Rh8 28. O-O-O+ Kc7 29. Bb6+ axb6 30. Qxc3 Rhxh2 31. Rd3 Rxc2+ 32.
Qxc2 Rxc2+ 33. Kxc2 Qe2+ 0-1

[Event "Sportsko leto 2013"]
[Site "Paracin, hotel "]
[Date "2013.07.05"]
[Round "1.28"]
[White "Nestorovic, Dejan"]
[Black "Kasparova, Tatiana"]
[Result "1/2-1/2"]
[WhiteElo "2411"]
[BlackElo "2133"]
[PlyCount "52"]
[EventDate "2013.07.05"]

1. d4 Nf6 2. c4 c5 3. d5 b5 4. Nf3 Bb7 5. Qb3 Qb6 6. Nc3 bxc4 7. Qxb6 axb6 8.
e4 d6 9. Bxc4 Nfd7 10. Bf4 f6 11. Nd2 Na6 12. O-O Nc7 13. Rab1 g5 14. Bg3 Bg7
15. Be2 Ba6 16. Bh5+ Kd8 17. Rfe1 Nb5 18. Ne2 Nc7 19. Nc3 Nb5 20. Nd1 Nd4 21.
Ne3 Bd3 22. Ra1 f5 23. exf5 Nxf5 24. Nd1 Nf6 25. Bf3 Nd4 26. Ne3 Nd7 1/2-1/2

[Event "Sportsko leto 2013"]
[Site "Paracin, hotel "]
[Date "2013.07.05"]
[Round "1.29"]
[White "Todorovic, Nenad I"]
[Black "Nestorovic, Lazar"]
[Result "0-1"]
[WhiteElo "2130"]
[BlackElo "2394"]
[PlyCount "58"]
[EventDate "2013.07.05"]

1. e4 Nc6 2. Nf3 d6 3. d4 Nf6 4. Nc3 Bg4 5. Be3 g6 6. h3 Bxf3 7. Qxf3 Bg7 8.
Bb5 Nd7 9. O-O-O e5 10. Bxc6 bxc6 11. Qg3 Rb8 12. f4 exf4 13. Bxf4 O-O 14. Rhe1
c5 15. e5 cxd4 16. exd6 cxd6 17. Ne4 Qa5 18. Bxd6 d3 19. Bxb8 Rxb8 20. Rxd3
Bxb2+ 21. Kd1 Ne5 22. Nf6+ Kg7 23. Rd5 Qxa2 24. Rexe5 Kxf6 25. Rd6+ Kg7 26.
Red5 Re8 27. Qb3 Qa1+ 28. Kd2 Qe1+ 29. Kd3 Qe2# 0-1

[Event "Sportsko leto 2013"]
[Site "Paracin, hotel "]
[Date "2013.07.05"]
[Round "1.31"]
[White "Markovic, Aleksandar"]
[Black "Tosic, Srecko"]
[Result "1/2-1/2"]
[WhiteElo "2111"]
[BlackElo "2389"]
[PlyCount "48"]
[EventDate "2013.07.05"]

1. e4 e6 2. d4 d5 3. Nc3 Bb4 4. e5 c5 5. Qg4 Ne7 6. dxc5 Bxc3+ 7. bxc3 O-O 8.
Bd3 Nbc6 9. Nf3 f5 10. exf6 Rxf6 11. Bg5 Rf7 12. Qh4 h6 13. Bxe7 Qxe7 14. Qxe7
Rxe7 15. c4 Bd7 16. O-O-O Rc8 17. Rhe1 Kf8 18. Ne5 Nxe5 19. Rxe5 Rxc5 20. Rde1
b6 21. cxd5 Rxd5 22. Rxd5 exd5 23. Rxe7 Kxe7 24. c3 Kd6 1/2-1/2

[Event "Sportsko leto 2013"]
[Site "Paracin, hotel "]
[Date "2013.07.05"]
[Round "1.32"]
[White "Cvetkovic, Srdjan"]
[Black "Petrovic, Marija"]
[Result "1-0"]
[WhiteElo "2385"]
[BlackElo "2104"]
[PlyCount "53"]
[EventDate "2013.07.05"]

1. c4 d6 2. d4 Nf6 3. Nc3 Bf5 4. g3 c6 5. Bg2 Nbd7 6. e4 Bg6 7. Nge2 e5 8. O-O
Be7 9. h3 c5 10. dxe5 dxe5 11. b3 O-O 12. Bb2 Re8 13. f4 exf4 14. gxf4 Nb6 15.
e5 Nfd7 16. Ng3 Bh4 17. Nge4 Bxe4 18. Nxe4 Be7 19. Qg4 Kh8 20. Rad1 Rg8 21. Nd6
Bxd6 22. Rxd6 Qe7 23. Bxb7 Rab8 24. Be4 Nf8 25. Bc3 Nc8 26. Rd2 Ne6 27. Bxh7
1-0